000 00923nas a2200229 i 4500
001 868
003 ES-MaACL
005 20250812062550.0
008 950801d19231930fr | | 1 ||re d
080 _a44
245 0 3 _aLe Figaro artistique.
260 _aParis :
_bG. de Malherbe et Cie,
_c1923-1930.
300 _a6 v. :
_bgrab. ;
_c30 cm.
310 _aSemanal
362 0 _a1re année, n° 7 (1er novembre 1923)-5e année, n° 165 (27 octobre 1927) ; 5e année, n° 166 (3 novembre 1927)-7e année, n° 242 (18 juillet 1929) ; 7e année, janvier 1930-juin 1930.
500 _aA partir del n. 124 aparece el año de publicación de la revista (año IV.
650 1 7 _aArte
_2embne
_910068
785 0 0 _tLe Figaro. Supplément artistique
852 _aES-MaACL
_jHem-304
866 0 _o(1923)(1924f.n.19y26y31-34y36y38-39y45y49)(1925f.n.64y75)(1926f.n.101y116)(1927f.n.173)(1928f.n.179)(1929).
999 _c868
_d868